Full 2022 NFL Draft - Statistics

General Stats
  • This quiz has been taken 20 times
  • The average score is 80 of 262
Answer Stats
Rd. Pick Team College Pos. Answer % Correct
1 2 DET Michigan DE Aidan Hutchinson
100%
2 41 SEA Michigan State RB Kenneth Walker III
100%
1 22 GB Georgia LB Quay Walker
100%
7 249 GB Penn State OT Rasheed Walker
100%
1 1 JAX Georgia DE Travon Walker
100%
1 10 NYJ Ohio State WR Garrett Wilson
94%
1 4 NYJ Cincinnati CB Ahmad Gardner
89%
1 11 NO Ohio State WR Chris Olave
89%
1 20 PIT Pittsburgh QB Kenny Pickett
89%
4 141 BAL Houston CB Damarion Williams
83%
1 3 HOU LSU CB Derek Stingley Jr.
83%
1 8 ATL USC WR Drake London
83%
1 12 DET Alabama WR Jameson Williams
83%
4 135 KC Fayetteville State CB Joshua Williams
83%
1 5 NYG Oregon DE Kayvon Thibodeaux
83%
5 164 LAR Notre Dame RB Kyren Williams
83%
2 56 DAL Ole Miss LB Sam Williams
83%
4 120 CAR Penn State LB Brandon Smith
78%
1 16 WAS Penn State WR Jahan Dotson
78%
6 215 ARI Virginia Tech OG Lecitus Smith
78%
1 18 TEN Arkansas WR Treylon Burks
78%
1 24 DAL Tulsa OT Tyler Smith
78%
5 158 SEA Ohio State DE Tyreke Smith
78%
2 36 NYJ Iowa State RB Breece Hall
72%
4 119 BAL Alabama CB Jalyn Armour-Davis
72%
1 13 PHI Georgia DT Jordan Davis
72%
6 220 SF UCF DT Kalia Davis
72%
1 14 BAL Notre Dame S Kyle Hamilton
72%
2 33 TB Houston DE Logan Hall
72%
1 25 BAL Iowa C Tyler Linderbaum
72%
1 9 SEA Mississippi State OT Charles Cross
67%
1 29 NE Chattanooga OG Cole Strange
67%
5 159 IND Missouri State DT Eric Johnson
67%
1 7 NYG Alabama OT Evan Neal
67%
1 6 CAR NC State OT Ikem Ekwonu
67%
1 26 NYJ Florida State DE Jermaine Johnson II
67%
6 181 PHI Kansas DE Kyron Johnson
67%
7 259 KC Marshall CB Nazeeh Johnson
67%
3 96 IND Maryland S Nick Cross
67%
1 17 LAC Boston College OG Zion Johnson
67%
2 34 GB North Dakota State WR Christian Watson
61%
1 31 CIN Michigan S Daxton Hill
61%
1 27 JAX Utah LB Devin Lloyd
61%
1 30 KC Purdue DE George Karlaftis
61%
7 243 KC Washington State CB Jaylen Watson
61%
1 23 BUF Florida CB Kaiir Elam
61%
1 21 KC Washington CB Trent McDuffie
61%
2 62 KC Cincinnati S Bryan Cook
56%
2 63 BUF Georgia RB James Cook
56%
1 15 HOU Texas A&M OG Kenyon Green
56%
1 32 MIN Georgia S Lewis Cine
56%
3 86 TEN Liberty QB Malik Willis
56%
1 19 NO Northern Iowa OT Trevor Penning
56%
3 98 WAS Alabama RB Brian Robinson Jr.
50%
7 262 SF Iowa State QB Brock Purdy
50%
3 74 ATL Cincinnati QB Desmond Ridder
50%
1 28 GB Georgia DT Devonte Wyatt
50%
5 174 CHI Miami (OH) DE Dominique Robinson
50%
2 52 PIT Georgia WR George Pickens
50%
7 225 PIT Ole Miss LB Mark Robinson
50%
3 94 CAR Ole Miss QB Matt Corral
50%
5 144 WAS North Carolina QB Sam Howell
50%
2 43 NYG Kentucky WR Wan'dale Robinson
50%
5 168 CHI Southern Utah OT Braxton Jones
44%
4 121 NE Arizona State CB Jack Jones
44%
2 37 HOU Baylor S Jalen Pitre
44%
2 44 HOU Alabama WR John Metchie III
44%
3 85 NE Houston CB Marcus Jones
44%
2 54 KC Western Michigan WR Skyy Moore
44%
3 76 BAL UConn DT Travis Jones
44%
2 50 NE Baylor WR Tyquan Thornton
44%
3 71 CHI Tennessee WR Velus Jones
44%
2 53 IND Cincinnati WR Alec Pierce
39%
4 137 NE Western Kentucky QB Bailey Zappe
39%
4 107 HOU Florida RB Dameon Pierce
39%
2 45 BAL Michigan LB David Ojabo
39%
5 161 NO Appalachian State LB D'Marco Jackson
39%
2 61 SF USC LB Drake Jackson
39%
2 48 CHI Penn State S Jaquan Brisker
39%
6 194 NO Air Force DT Jordan Jackson
39%
2 39 CHI Washington CB Kyler Gordon
39%
3 91 TB Arizona State RB Rachaad White
39%
4 132 GB Nevada WR Romeo Doubs
39%
6 204 TEN Tennessee DB Theo Jackson
39%
4 122 LV Georgia RB Zamir White
39%
2 49 NO Tennessee S Alontae Taylor
33%
2 42 MIN Clemson CB Andrew Booth Jr.
33%
2 38 ATL Penn State DE Arnold Ebiketie
33%
3 77 IND Central Michigan OT Bernhard Raimann
33%
3 70 JAX Wyoming LB Chad Muma
33%
3 99 CLE Purdue WR David Bell
33%
2 59 MIN LSU OG Ed Ingram
33%
6 214 LAC Wake Forest CB Ja'Sir Taylor
33%
3 73 IND Virginia TE Jelani Woods
33%
3 79 LAC Baylor S JT Woods
33%
6 201 ARI USC RB Keaontay Ingram
33%
6 202 CLE Oklahoma TE Michael Woods II
33%
4 127 NE South Dakota State RB Pierre Strong Jr.
33%
2 35 TEN Auburn CB Roger McCreary
33%
2 55 ARI Colorado State TE Trey McBride
33%
2 58 ATL Montana State LB Troy Anderson
33%
5 166 CIN Toledo S Tycen Anderson
33%
3 72 SEA Washington State OT Abraham Lucas
28%
2 40 SEA Minnesota LB Boye Mafe
28%
7 250 LV UCLA RB Brittain Brown
28%
2 51 PHI Nebraska C Cameron Jurgens
28%
2 60 CIN Nebraska S Cam Taylor-Britt
28%
3 102 MIA Georgia LB Channing Tindall
28%
7 237 DET Arizona State CB Chase Lucas
28%
7 226 CHI Southern OT Ja'Tyre Carter
28%
3 103 KC Wisconsin LB Leo Chenal
28%
7 222 JAX Arkansas CB Montaric Brown
28%
3 83 PHI Georgia LB Nakobe Dean
28%
3 69 TEN Ohio State OT Nicholas Petit-Frere
28%
7 247 MIA Kansas State QB Skylar Thompson
28%
3 95 CIN Florida DT Zachary Carter
28%
3 78 CLE UAB DE Alex Wright
22%
7 229 SEA Rutgers WR Bo Melton
22%
4 124 CLE LSU K Cade York
22%
4 138 PIT Memphis WR Calvin Austin III
22%
3 87 ARI San Diego State DE Cameron Thomas
22%
3 75 HOU Alabama LB Christian Harris
22%
3 81 NYG LSU CB Cordale Flott
22%
4 115 DEN Pittsburgh CB Damarri Mathis
22%
4 112 NYG San Diego State TE Daniel Bellinger
22%
5 145 KC Kentucky OT Darian Kinnard
22%
3 84 PIT Texas A&M DE DeMarvin Leal
22%
6 212 LAR Georgia CB Derion Kendrick
22%
3 80 DEN UCLA TE Greg Dulcich
22%
4 131 TEN Michigan RB Hassan Haskins
22%
4 139 BAL Coastal Carolina TE Isaiah Likely
22%
4 123 LAC Texas A&M RB Isaiah Spiller
22%
7 223 CLE Oklahoma DE Isaiah Thomas
22%
3 88 DAL South Alabama WR Jalen Tolbert
22%
5 177 DET Virginia Tech TE James Mitchell
22%
2 46 DET Kentucky DE Josh Paschal
22%
3 97 DET Illinois S Kerby Joseph
22%
6 183 NE South Carolina RB Kevin Harris
22%
3 104 LAR Wisconsin OG Logan Bruss
22%
3 65 JAX Kentucky C Luke Fortner
22%
2 57 TB Central Michigan OT Luke Goedeke
22%
6 188 DET Oklahoma State LB Malcolm Rodriguez
22%
4 111 NYJ Louisiana OT Max Mitchell
22%
3 100 ARI Cincinnati DE Myjai Sanders
22%
2 64 DEN Oklahoma LB Nik Bonitto
22%
2 47 WAS Alabama DT Phidarian Mathis
22%
7 239 IND Yale DB Rodney Thomas
22%
5 151 ATL BYU RB Tyler Allgeier
22%
6 186 CHI San Diego State OT Zachary Thomas
22%
4 106 TB Washington TE Cade Otton
17%
4 128 BAL Iowa State TE Charlie Kolar
17%
7 230 WAS Tulsa OT Chris Paul
17%
4 109 SEA Cincinnati CB Coby Bryant
17%
4 114 NYG Iowa S Dane Belton
17%
4 110 BAL Minnesota OT Daniel Faalele
17%
3 105 SF SMU WR Danny Gray
17%
6 182 NYG Cincinnati LB Darrian Beavers
17%
3 82 ATL Western Kentucky LB DeAngelo Malone
17%
3 90 LV Memphis OG Dylan Parham
17%
7 251 KC Rutgers RB Isiah Pacheco
17%
4 133 TB Georgia P Jake Camarda
17%
6 195 LAC Georgia OG Jamaree Salyer
17%
6 217 DET Jackson State TE James Houston
17%
3 101 NYJ Ohio State TE Jeremy Ruckert
17%
5 156 CLE Cincinnati RB Jerome Ford
17%
5 178 DAL Arkansas DT John Ridgeway
17%
7 234 DET Miami DT Jonathan Ford
17%
3 67 NYG North Carolina OG Joshua Ezeudu
17%
5 148 BUF Boise State WR Khalil Shakir
17%
5 179 GB South Carolina DE Kingsley Enagbare
17%
5 163 TEN UCLA WR Kyle Philips
17%
3 68 CLE Mississippi State CB Martin Emerson
17%
6 180 BUF San Diego State P Matt Araiza
17%
5 175 LV Tennessee DT Matthew Butler
17%
5 146 NYG Indiana LB Micah McFadden
17%
4 113 WAS Louisiana S Percy Butler
17%
7 253 LAR Kansas State S Russ Yeast
17%
6 221 SF Penn State CB Tariq Castro-Fields
17%
5 153 SEA UTSA CB Tariq Woolen
17%
3 89 BUF Baylor LB Terrel Bernard
17%
6 196 BAL Missouri RB Tyler Badie
17%
4 140 GB Wake Forest OT Zach Tom
17%
5 157 TB Sam Houston State CB Zyon McCollum
17%
4 118 MIN Missouri CB Akayleb Evans
11%
3 66 MIN Oklahoma LB Brian Asamoah
11%
6 199 CAR Tennessee OG Cade Mays
11%
4 143 TEN Maryland TE Chigoziem Okonkwo
11%
7 241 PIT South Dakota State QB Chris Oladokun
11%
5 149 WAS Nevada TE Cole Turner
11%
6 208 PIT Michigan State TE Connor Heyward
11%
4 136 CIN North Dakota State OT Cordell Volson
11%
5 167 DAL Fresno State CB DaRon Bland
11%
4 142 LAR South Carolina State CB Decobie Durant
11%
4 125 MIA Texas Tech WR Erik Ezukanma
11%
6 198 PHI SMU TE Grant Calcaterra
11%
7 252 CIN Coastal Carolina DE Jeffrey Gunter
11%
6 213 ATL Georgia TE John FitzPatrick
11%
4 117 NYJ Texas A&M DE Micheal Clemons
11%
5 162 DEN Samford WR Montrell Washington
11%
4 108 CLE Oklahoma DT Perrion Winfrey
11%
6 200 NE Missouri State DT Sam Roberts
11%
3 92 GB UCLA OG Sean Rhyan
11%
5 154 JAX Ole Miss RB Snoop Conner
11%
5 170 HOU Oregon State TE Teagan Quitoriano
11%
7 238 LAR Ohio State OT Thayer Munford
11%
5 169 MIN North Carolina RB Ty Chandler
11%
6 189 CAR Virginia Tech DE Amare Barno
6%
6 192 IND Youngstown State TE Andrew Ogletree
6%
6 185 BUF Villanova CB Christian Benford
6%
7 240 WAS Oklahoma State CB Christian Holmes
6%
7 244 ARI Valdosta State CB Christian Matthew
6%
6 216 IND Cincinnati DT Curtis Brooks
6%
5 176 DAL LSU LB Damone Clark
6%
7 233 KC Lenoir-Rhyne WR Dareke Young
6%
5 152 DEN Oklahoma S Delarrin Turner-Yell
6%
5 147 NYG Arizona State DT DJ Davidson
6%
4 116 DEN Iowa State DT Eyioma Uwazurike
6%
4 129 DAL Wisconsin TE Jake Ferguson
6%
6 191 MIN Michigan State WR Jalen Nailor
6%
4 130 BAL Penn State P Jordan Stout
6%
7 242 CAR Baylor CB Kalon Barnes
6%
6 218 LAR Minnesota TE Kio Kieft
6%
7 257 ARI Oklahoma OG Marquis Hayes
6%
4 126 LV LSU DT Neil Farrell Jr.
6%
7 258 GB Nebraska WR Samori Toure
6%
4 134 SF UTSA OT Spencer Burford
6%
5 150 HOU Stanford DT Thomas Booker
6%
6 203 CHI Baylor RB Trestan Ebner
6%
7 260 LAC Purdue RB Zander Horvath
6%
7 261 LAR Michigan State OT AJ Arcuri
0%
7 248 TB LSU DE Andre Anthony
0%
7 245 HOU Michigan OT Andrew Stueber
0%
6 205 HOU LSU OT Austin Deculus
0%
7 231 BUF Clemson LB Baylon Spector
0%
7 224 MIA California DE Cameron Goode
0%
6 219 TEN Ole Miss LB Chance Campbell
0%
6 210 NE LSU OG Chasen Hines
0%
7 235 JAX Montana State DE Daniel Hardy
0%
7 246 CLE Texas Tech OG Dawson Deaton
0%
7 236 LAC Ole Miss CB Deane Leonard
0%
6 193 DAL Oklahoma State LB Devin Harper
0%
6 207 CHI Illinois C Doug Kramer
0%
7 254 CHI California S Elijah Hicks
0%
5 165 MIN Minnesota DE Esezi Otomewo
0%
7 232 DEN Wisconsin CB Faion Hicks
0%
6 197 JAX Ouachita Baptist CB Gregory Junior
0%
7 256 ARI Penn State DE Jesse Luketa
0%
6 190 ATL Georgia OG Justin Shaffer
0%
6 209 BUF Virginia Tech OT Luke Tenuta
0%
5 171 DEN Washington C Luke Wattenberg
0%
5 173 NYG North Carolina OG Marcus McKethan
0%
6 206 DEN Wisconsin DE Matt Henningsen
0%
5 155 DAL North Dakota OT Matt Waletzko
0%
7 227 MIN South Carolina TE Nick Muse
0%
6 187 SF Fordham OT Nick Zakelj
0%
5 160 LAC UCLA DT Otito Ogbonnia
0%
6 211 LAR UCLA S Quentin Lake
0%
5 172 SF Toledo CB Samuel Womack
0%
7 228 GB Georgia Tech S Tariq Carpenter
0%
7 255 CHI NC State P Trenton Gill
0%
3 93 SF LSU RB Tyrion Davis-Prince
0%
6 184 MIN Illinois OT Vederian Lowe
0%
No matching quizzes found
Score Distribution
Percent of People with Each Score
Percentile by Number Answered
Your Score History
You have not taken this quiz